Quick Pick: Macbeth Deaths Quiz Stats

 Plays Quiz not verified by Sporcle

Score 0/7 Timer 00:30
0 Plays Today
% Correct
Banquo
89.3%
Lady Macbeth
82.8%
Duncan
82.6%
Macbeth
81%
Lady Macduff
77%
Macduff’s son
76.5%
Young Siward
62.3%

You're not logged in!

Compare scores with friends on all Sporcle quizzes.
OR
Log In

Show Comments

Extras

Top Quizzes Today


Score Distribution

Your Account Isn't Verified!

In order to create a playlist on Sporcle, you need to verify the email address you used during registration. Go to your Sporcle Settings to finish the process.

Report this User

Report this user for behavior that violates our Community Guidelines.

Details: